| 000 | 03397cam a22005534i 4500 | ||
|---|---|---|---|
| 003 | PE-LiUPU | ||
| 005 | 20250731172707.0 | ||
| 008 | 150617s1973 xxua rb 000 0 spa d | ||
| 035 | _a(Sirsi) a10347 | ||
| 040 |
_aPE-LiUPU _bspa _cPE-LiUPU _erda |
||
| 049 | _aPRUA | ||
| 082 | 0 | 4 |
_a225.9 _bT37 _221 |
| 082 | 0 | 4 |
_a225.9 _bT37 1973 |
| 100 | 1 |
_aTenney, Merrill C., _eautor. |
|
| 245 | 1 | 0 |
_aNuestro nuevo testamento : _buna perspectiva histórico analítica / _cMerrill C.Teney. |
| 264 | 1 |
_aChicago : _bEditorial Moody, _c1973. |
|
| 300 |
_a491 páginas : _bilustraciones ; _c23 centímetros |
||
| 336 |
_atext _2rdacontent |
||
| 337 |
_aunmediated _2rdamedia |
||
| 338 |
_avolume _2rdacarrier |
||
| 505 | 0 | _aEl mundo del nuevo testamento -- El mundo social y el mundo económico -- El mundo religioso -- Judaísmo -- Los evangelios: relatos de la vida de Cristo -- El nuevo testamento: su nombre y su contenido -- Los evangelios como trabajos literarios -- El evangelio de Mateo -- El evangelio de Marcos -- El evangelio de Lucas -- El evangelio de Juan -- La vida de Cristo -- Relatos acerca de la iglesia primitiva -- Establecimiento de la iglesia -- La transición -- La iglesia gentil y la obra misionera de Pablo -- El programa Paulino -- Pablo misionero -- Los problemas de la iglesia primitiva -- La iglesia institucional: las epístolas pastorales -- La iglesia sufriente: I Pedro -- El rompimiento con el judaísmo: la carta a los hebreos -- El peligro de las herejías: II de Pedro; Judas; I,II. | |
| 526 | _aSEG42 | ||
| 526 | _aSEG41 | ||
| 526 | _aSEG40 | ||
| 526 | _aSEG39 | ||
| 526 | _aP94 | ||
| 526 | _aP87 | ||
| 526 | _aP86 | ||
| 526 | _aP85 | ||
| 526 | _aP77 | ||
| 526 | _aP76 | ||
| 526 | _aP35 | ||
| 630 |
_aBiblia _pN.T. _xIntroducciones. |
||
| 910 |
_ajck _bjvq _cjck _d20150616 |
||
| 910 |
_bksl _cksl _d20190529 |
||
| 942 |
_2ddc _cBOOK |
||
| 949 |
_a225.9 T37 _wDEWEY _c1 _i15538 _lCCODEBUL1 _mBUL _p38.00 _r0 _sY _tBOOK _u19771128 _xTEOLOGIA _PP35 _0COMPRA _o.STAFF. Colección Teología |
||
| 949 |
_a225.9 T37 _wDEWEY _c2 _i37064 _lCCODEBUL1 _mBUL _p38.00 _r0 _sY _tBOOK _u19771128 _xTEOLOGIA _PP35 _0COMPRA _o.STAFF. Colección Teología |
||
| 949 |
_a225.9 T37 _wDEWEY _c3 _i15539 _lCCODEBUL1 _mBUL _p38.00 _r0 _sY _tBOOK _u19771128 _xTEOLOGIA _PP35 _0COMPRA _o.STAFF. Colección Teología |
||
| 949 |
_a225.9 T37 _wDEWEY _c1 _iFT03617 _lCCODEBUT1 _mBUT _p{Dolar}35.00 _r0 _sY _tBOOK _u2018-06-24 _xBIBLIOTECA _zUNKNOWN _o.STAFF. Colección General Tarapoto |
||
| 994 |
_aC0 _bPEPRU |
||
| 596 | _a1 2 | ||
| 999 |
_a225.9 T37 _wDEWEY _c383 _i15538 _d383 _e2018-5-6 _f2021-11-9 _g5 _lCCODEBUL1 _mBUL _n1 _p38.00 _q1 _r0 _sY _tBOOK _u2015-6-17 _xTEOLOGIA _PP35 _0COMPRA _o.STAFF. Colección General |
||
| 999 |
_a225.9 T37 _wDEWEY _c2 _i37064 _d2022-7-15 _e2018-4-12 _f2021-11-9 _g5 _lCCODEBUL1 _mBUL _n1 _p38.00 _q7 _r0 _sY _tBOOK _u2015-6-17 _xTEOLOGIA _PP35 _0COMPRA _o.STAFF. Colección Teología |
||
| 999 |
_a225.9 T37 _wDEWEY _c3 _i15539 _d2022-7-17 _e2018-4-22 _f2021-11-9 _g5 _lCCODEBUL1 _mBUL _n1 _p38.00 _q4 _r0 _sY _tBOOK _u2015-6-17 _xTEOLOGIA _PP35 _0COMPRA _o.STAFF. Colección Teología |
||
| 999 |
_a225.9 T37 1973 _wDEWEY _c1 _iFT03617 _f2019-2-20 _g1 _lCCODEBUT1 _mBUT _p35.00 _r0 _sY _tBOOK _u2018-6-24 _xBIBLIOTECA _zUNKNOWN _0DONACION _o.STAFF. Colección general tarapoto |
||
| 980 |
_81 _gALBERTO SANCHEZ Responsable de Automatización |
||